<?xml version="1.0" encoding="UTF-8"?><?xml-stylesheet type="text/xsl" href="static/style.xsl"?><OAI-PMH xmlns="http://www.openarchives.org/OAI/2.0/" xmlns:xsi="http://www.w3.org/2001/XMLSchema-instance" xsi:schemaLocation="http://www.openarchives.org/OAI/2.0/ http://www.openarchives.org/OAI/2.0/OAI-PMH.xsd"><responseDate>2026-04-30T05:16:03Z</responseDate><request verb="GetRecord" identifier="oai:uvadoc.uva.es:10324/37347" metadataPrefix="marc">https://uvadoc.uva.es/oai/request</request><GetRecord><record><header><identifier>oai:uvadoc.uva.es:10324/37347</identifier><datestamp>2021-06-30T01:17:39Z</datestamp><setSpec>com_10324_38</setSpec><setSpec>col_10324_852</setSpec></header><metadata><record xmlns="http://www.loc.gov/MARC21/slim" xmlns:doc="http://www.lyncode.com/xoai" xmlns:xsi="http://www.w3.org/2001/XMLSchema-instance" xmlns:dcterms="http://purl.org/dc/terms/" xsi:schemaLocation="http://www.loc.gov/MARC21/slim http://www.loc.gov/standards/marcxml/schema/MARC21slim.xsd">
<leader>00925njm 22002777a 4500</leader>
<datafield tag="042" ind1=" " ind2=" ">
<subfield code="a">dc</subfield>
</datafield>
<datafield tag="720" ind1=" " ind2=" ">
<subfield code="a">Gutiérrez García, María</subfield>
<subfield code="e">author</subfield>
</datafield>
<datafield tag="260" ind1=" " ind2=" ">
<subfield code="c">2019</subfield>
</datafield>
<datafield tag="520" ind1=" " ind2=" ">
<subfield code="a">La imagen mediática es aquella que refleja la realidad que se crea y se difunde a través de los medios de comunicación. Se trata de un tema de gran trascendencia en la sociedad en la que vivimos, ya que las personas que vemos a través de los medios cuidan con especial atención la manera en la que son percibidos. Mi análisis se centra en Vladimir Putin y Oprah Winfrey, y que ambos tienen una alta visibilidad mediática, e importantes diferencias entre ellos, que permiten establecer un análisis comparativo interesante. En este trabajo de fin de Grado, me centro en la construcción de esta imagen, por lo que se necesita un análisis exhaustivo tanto del personaje como del equipo que le acompaña. Solo así se puede comprender la importancia que está adquiriendo este ámbito en los medios de comunicación, y el papel que los publicitarios podríamos desempeñar en esta nueva oportunidad de trabajo.</subfield>
</datafield>
<datafield tag="024" ind2=" " ind1="8">
<subfield code="a">http://uvadoc.uva.es/handle/10324/37347</subfield>
</datafield>
<datafield tag="245" ind1="0" ind2="0">
<subfield code="a">Creación de la imagen mediática de personajes</subfield>
</datafield>
</record></metadata></record></GetRecord></OAI-PMH>